00730nam a2200253 a 4500001001300000003000900013005001700022008004100039020001000080082001600090100001500106245004700121260004100168300000800209500003500217505001300252650002500265700002300290700001700313902000800330942000700338952011600345999001500461nice12345678IN_TiNIC20260116011647.0050524s1968 pata grp 000 0 urd  ac10000a891.51bATA aAta, Kakwi aTazkera Shamai Anjum Maa Nigaristan Sukhan aPatnabAzeemush Shan Book Depoc1968 a68p aincludes index and biblioraphy2 aAppendix aPersian Poetry-Poets1 aS Nurul Hasan Khan1 aS Hasan Khan bSRS cBK 001040708StackRoom-aHMIbHMId2007-06-01g100.00l0o891.51 ATAp05605r2007-06-01v100.00w2005-05-24yBK c3217d3217